LEADER 01559nam0 22003733i 450 001 CAG0040272 005 20170908093240.0 020 $aIT$b1933 6073 100 $a20111006d1933 ||||0itac50 ba 101 | $aita 102 $ait 181 1$6z01$ai $bxxxe 182 1$6z01$an 200 1 $a˜La œpoetica$fAristotele$gtraduzione, introduzione e note di Ferdinando Albeggiani 210 $aFirenze$cLa Nuova Italia$dstampa 1933 215 $aXXIV, 84 p.$d20 cm. 225 | $aPensatori antichi e moderni 410 0$1001CFI0037616$12001 $aPensatori antichi e moderni 500 10$aPoetica.$3CFI0099817$9CFIV009389$915100 676 $a801.93$9$v21 700 0$aAristoteles$3CFIV009389$4070$04207 702 1$aAlbeggiani$b, Ferdinando$f <1890-1976>$3CFIV014740 790 0$aAristotele$3CFIV009390$zAristoteles 790 0$aAristote$3CFIV094388$zAristoteles 790 0$aAristotle$3CFIV203868$zAristoteles 790 0$aAristotélīs$3CFIV263964$zAristoteles 801 3$aIT$bIT-NA0079$c20111006 850 $aIT-NA0243$aIT-NA0120 912 $aCAG0040272 950 0$aCentro Librario e Bibliotecario per la Diffusione della cultura$c1 v.$d 67SALA C C II 44$e 67 0000087645 B 1 v.$fT $h20170529$i20170529 950 0$aIstituto italiano per gli studi storici$d CROMODEO SECONDO 1240$e CR 0000766585 B 1 v. (ex inv. 46250)$fC $h20111006$i20111006 977 $a 67$a CR 996 $aPoetica$915100 997 $aUNISANNIO LEADER 00796nam0-22002891i-450- 001 990006965070403321 005 20011002 035 $a000696507 035 $aFED01000696507 035 $a(Aleph)000696507FED01 035 $a000696507 100 $a20011002d1931----km-y0itay50------ba 101 0 $aeng 102 $aUS 105 $ay-------001yy 200 1 $aElementary Principles of Economics$fIrving Fisher 210 $aNew York$cthe MacMillan Company$d1931 215 $aXXVIII, 531 p.$d24 cm 676 $a330$v20$zita 700 1$aFisher,$bIrving$f<1867-1947>$0101947 801 0$aIT$bUNINA$gRICA$2UNIMARC 901 $aBK 912 $a990006965070403321 952 $aXV B 344$b53180$fFGBC 959 $aFGBC 996 $aElementary principles of economics$9507292 997 $aUNINA